000 00315nam a2200109Ia 4500
008 160531s9999 xx 000 0 und d
100 _aClaborn, David.
245 _aTopics in Public Health
245 _cEdited by David Claborn
260 _c2015
856 _uhttp://www.intechopen.com/books/topics-in-public-health
999 _c295313
_d295313